| 000 | 01025cam a22003135a 4500 | ||
|---|---|---|---|
| 001 | 016284723 | ||
| 003 | OSt | ||
| 005 | 20160119123157.0 | ||
| 008 | 130206t2014 paua frbf 001 0 eng d | ||
| 020 | _a9781451176483 (hbk.) | ||
| 020 | _a1451176481 | ||
| 040 |
_aStDuBDS _beng _cStDuBDS _dUkCU _dUk _dEG-ScBUE _dEG-ScBUE |
||
| 082 | 0 | 4 |
_a610.73 _bLIP _222 |
| 245 | 0 | 0 |
_aLippincott manual of nursing practice / _c[edited by] Sandra M. Nettina. |
| 246 | 3 | 0 | _aManual of |
| 246 | 3 | 0 | _aNursing practice |
| 250 | _a10th ed., International ed. | ||
| 260 |
_aAmbler : _bWolters Kluwer / Lippincott Williams & Wilkins, _cc.2014. |
||
| 300 |
_axxi, 1912 p. : _bill. ; _c26 cm. |
||
| 500 | _aIndex : p. 1863-1912. | ||
| 500 | _aIncludes appendix. | ||
| 504 | _aIncludes bibliographical references. | ||
| 650 | 7 |
_aNursing _2BUEsh _912117 |
|
| 650 | 0 |
_aNursing Care _vHandbooks, manuals, etc. _2BUEsh |
|
| 651 | _2BUEsh | ||
| 653 |
_bNNUR _cJuly2015 _cJanuary2016 |
||
| 700 | 1 |
_aNettina, Sandra M., _eeditor. _912171 |
|
| 942 | _2ddc | ||
| 999 |
_c20119 _d20091 |
||